| 000 | 00404nam a2200169Ia 4500 | ||
|---|---|---|---|
| 003 | OSt | ||
| 005 | 20240117130240.0 | ||
| 008 | 230406s9999 xx 000 0 und d | ||
| 020 | _a9789389598780 | ||
| 082 |
_a790 _bSHAC |
||
| 100 | _aShahani, Kumar and Vajpeyi, Udayan | ||
| 245 | 0 | _aCinema Aur Sansar | |
| 260 |
_aDelhi _bRajkamal _c2021 |
||
| 300 | _a107 | ||
| 650 | _aCinema-Movies | ||
| 942 |
_cBK _2ddc |
||
| 999 |
_c1640 _d1640 |
||